| 000 | 00640nam a2200193 i 4500 | ||
|---|---|---|---|
| 001 | 116545 | ||
| 003 | ES-MaACL | ||
| 005 | 20240420063042.0 | ||
| 007 | t| | ||
| 008 | 061121s1958 sp r ||||1| spa d | ||
| 100 | 1 |
_aOtero, Blas de, _d1916-1979 _987879 |
|
| 245 | 1 | 0 |
_aAncia _b: angel fieramente humano : redoble de conciencia / _cBlas de Otero ; prefacio de Dámaso Alonso. |
| 250 | _a2ª. ed. con 48 poemas inéditos. | ||
| 260 |
_aBarcelona : _bA.P. : Emporium, _c1958. |
||
| 300 |
_a166 p. ; _c22 cm. |
||
| 700 | 1 |
_aAlonso, Dámaso, _d1898-1990 _920195 |
|
| 852 |
_aES-MaACL _jC-14940 _bR.43132 |
||
| 999 |
_c116545 _d116545 |
||